| 000 | 01698nam a2200373 a 4500 | ||
|---|---|---|---|
| 001 | 00003818 | ||
| 003 | DO-SdBNP | ||
| 005 | 20180307112110.0 | ||
| 007 | 00003818 | ||
| 008 | 091117s2001 dr abc 000 0 spa d | ||
| 020 | _a8482614215 | ||
| 040 |
_aBPMSU _bspa _cBPMSU |
||
| 092 |
_a372.84 _bR696r 8vo. 2001 |
||
| 100 | 1 | _aRodríguez, Federico | |
| 245 | 1 | 0 |
_aReligión 8 : _b[educación básica] / _cFederico Rodríguez ; dirección editorial Obdulia García de Escobar ; ilustración Ruddy Núñez. |
| 246 | 1 | 3 |
_aReligión : _bformacin integral, humana y religiosa |
| 260 |
_aSanto Domingo : _bSantillana, _c2001. |
||
| 300 |
_a95 p. : _bil. ; _c28 cm. |
||
| 490 | 1 | _aUmbral | |
| 505 | 0 |
_t¿Cómo nació la iglesia? -- _t¿Cómo esta organizada la iglesia? -- _t¿Cómo fue la vida de la iglesia en los primeros siglos ? -- _t¿Cómo se realizará plenamente nuestra salvación? -- _t¿Qué son las bienaventuranzas -- _t¿Cómo construir un mundo más justos? -- _t¿´Cómo conseguir la igualdad entre los seres humanos ? -- _t¿Cómo trabajar por la paz? -- _t¿Cómo defender la naturaleza? -- _t¿Cómo hacer oración?. |
|
| 650 |
_aRELIGIÓN _xENSEÑANZA BÁSICA |
||
| 650 | 4 |
_aRELIGIÓN _xESTUDIOS Y EJERCICIOS |
|
| 650 | 4 |
_aRELIGIÓN _xEDUCACIÓN PRIMARIA |
|
| 650 | 4 |
_aRELIGIÓN _xLIBROS DE TEXTOS |
|
| 650 | 4 |
_aEDUCACIÓN PRIMARIA _zREPÚBLICA DOMINICANA |
|
| 700 | 1 | 2 |
_aGarcía de Escobar, Obdulia, _eed. |
| 700 | 1 | 2 |
_aNúñez, Ruddy, _eil. |
| 830 | 0 | _aUmbral | |
| 910 | _aValidado. Control de calidad MFF | ||
| 930 | 1 |
_lBND01 _mLF1 _820091117 _f01 _pCT _g7741 |
|
| 942 |
_2ddc _cBK |
||
| 945 | _ainventariado, 2018 / dg | ||
| 956 |
_aLOPEREZ _b10 _c20160428 _lBPMSU _h00041 |
||
| 999 |
_c9528 _d9528 |
||